| 000 | 00417nam a2200145Ia 4500 | ||
|---|---|---|---|
| 008 | 210210b1965 xxu||||| |||| 00| 0 eng d | ||
| 082 | _a545 BARM | ||
| 100 | _aBARNARD (J A) & CHAYEN (R). | ||
| 245 | _aModern methods of chemical analysis. | ||
| 260 |
_aLondon _bMcGraw Hill Publishing Co Ltd., _c1965 |
||
| 300 | _axiii,273 | ||
| 650 | _aChemistry Analysis | ||
| 690 | _aQuantitative Chemistry | ||
| 906 | _aCC00088 | ||
| 999 |
_c109357 _d109357 |
||